000 01649nam a22002777a 4500
999 _c22095
_d22095
003 AR-CdUCM
008 190425b ||||| |||| 00| 0 spa d
040 _aMUNICIPALIDAD PROVINCIAL DEL CUSCO
_cBIBLIOTECA MUNICIPAL DEL CUSCO
082 _aParlante/N°102/2010
110 _aCentro Guamán Poma de Ayala
_920511
245 _aParlante :
_bRevista del Cusco /
260 _aCusco :
_bCentro de Educación y Comunicación Guamán Poma de Ayala,
_c2010.
300 _a36 páginas. :
_bilustraciones ;
_c30 cm.
440 _aParlante revista del Cusco.
_nAño 24, N°102, diciembre 2009 - enero 2010.
_947436
505 _aContenido: Aprobados o desaprobados encuesta sobre la gestión de las autoridades políticas. -- Transporte en la ciudad de Cusco balance y perspectivas. Abel Gallegos. -- Los Centros Históricos tienen que pensar en el futuro. Fernando Carrión. -- Haquira el inmundo paraíso de los recicladores. Adriana Peralta. -- Expo feria Cusco alucinando la ciudad. Adriana Peralta. -- El ombligo destelló glamour. Adriana Peralta. -- Productividad laboral en la economía regional de Cusco. Ruth García Pacheco. -- Historieta en quechua. Jaime Araoz. -- Educación intercultural en Cusco. Juan Galiano. -- Balance cultural 2009. Francisco Ángeles.
650 _aActualidad y política
_947410
650 _aCentro Histórico Cusco
_946767
650 _aEducación, cultura y deportes
_947422
650 _aMedio ambiente
_947423
650 _aSalud
_98684
700 _aPeralta, Adriana
_947414
700 _aGaliano Román, Juan
_947435
710 _aCentro Guamán Poma de Ayala
_920511
942 _2ddc
_cPP
945 _avhl